Регионална библиотека "Любен Каравелов" - Русе

Виж ти! (Запис номер 436758)

MARC детайли
000 -Лидер
Контролно поле с фиксирана дължина 01497nam a2200301 a 4500
003 - Код на организацията, давaща контролен номер
Контролно поле BLK
005 - Дата и час на последна редакция
Контролно поле 20250513181359.0
008 - Елементи от данни с фиксирана дължина
fixed length control field 211112b bul|||||r ||||||| ||bul||
020 ## - Международен стандартен номер на книга ISBN
Международен стандартен номер на книга ISBN 3800083823988
020 ## - Международен стандартен номер на книга ISBN
Международен стандартен номер на книга ISBN 978-619-199-364-2
Поясняваща информация (подв.)
040 ## - Източник на каталожния запис
Идентификатор на билиотеката - собственик на записа BLK
041 ## - Код за език
Код за езика на текст/звукозапис или на отделно заглавие Български
Код за езика КДБФ Български
080 ## - УДК
Текстов определител УДК Наука. Наукознание. Организация на умствения труд
УДК код - определител по УДК 001
УДК определител :087.5
УДК - код + определител 001:087.5
100 ## - Редна дума - Автор
R(LIN) 370522
Автор Гифорд, Клайв
Авторска отговорност първи автор
139 ## - Редно поле
Редна дума Гифорд, Клайв
Авторски знак Гир - Г 50
245 10 - Сведения за заглавието
Заглавие Виж ти!
Подзаглавни данни повече от 1500 изумителни факта : светът около нас, представен в сравнения
Редно поле (дума) Клайв Гифърд ; ил. Пол Бостън ; прев. , Антон Татаров
260 ## - Област на издателските данни
Място на издаване, разпространение и проч. София
Име на издателя, разпространителя и проч. Фют
Година на издаване 2018
Печатница (отпеч. в Китай)
300 ## - Физическа характеристика
Страници 96 с.
Илюстрации и др. с цв. ил.
Размери/Мащаб 24 см
380 ## - Жанр
Жанр Детска отраслова лит.
500 ## - Общи забележки
Забележка Ориг. загл.: The book of comparisons. - Възприетата форма на името на авт. Клайв Гифърд е Клайв Гифорд. - Азб. показалец
650 #7 - Допълнително описание по предмет – тема
Основно описание – тема или топоним Наука
9 (RLIN) 163554
700 ## - Други автори (авторска отговорност)
Лично име Бостън, Пол
Автороска отговорност (Описва отношението между автора и произведението) ил.
9 (RLIN) 467351
700 ## - Други автори (авторска отговорност)
Лично име Манушева, Ирина Борисова
9 (RLIN) 368041
700 ## - Други автори (авторска отговорност)
Лично име Татаров, Антон Златаров
Автороска отговорност (Описва отношението между автора и произведението) прев.
9 (RLIN) 334236
852 ## - Местоположение
Фондова буква Детски отдел
Систематично-азбучна сигнатура 0/Г 50 К
999 ## - СИСТЕМНИ КОНТРОЛНИ НОМЕРА
Koha biblionumber 436758
Koha biblioitemnumber 436758
942 ## - АРТИКУЛИ
Вид на библиотечния материал Книги
Скрит в OPAC Не
Koha issues (borrowed), all copies 34
Периодичен библиозапис Да
944 ## - СЪЗДАВАНЕ И РЕДАКЦИЯ на ЗАПИСА
Създаване/Редакция Създаване
Дата на регистрацията/редакция 2021-11-12
Служител, извършил регистрацията/редакцията 30551
Статус, дата на статуса Бояна Костадинова
Наличности
Код за отписване Код за изгубен артикул Източник на класификационната схема Код за повреда Коз за рестрикции Код за отдаване Артикулен № Име на библиотеката - собственик Име на библиотеката, в която се намира в момента Статус (Текущо местоположение) Дата на вписване в системата Местоположение - отдел Цена в лева Систематично азбучна сигнатура Баркод Цена в евро Служебен тип на артикула
  Не е изгубен Universal Decimal Classification Не е повреден без рестрикции заемане за дома 861990 Регионална библиотека "Любен Каравелов" Русе Регионална библиотека "Любен Каравелов" Русе Детски отдел 2021-11-16 Детски отдел 13.42 0/Г 50 К 120000862478 6.86 Книги
  Не е изгубен Universal Decimal Classification Не е повреден без рестрикции заемане за дома 861991 Регионална библиотека "Любен Каравелов" Русе Регионална библиотека "Любен Каравелов" Русе Детски отдел 2021-11-16 Детски отдел 13.42 0/Г 50 К 120000862479 6.86 Книги
Vip Innovations Ltd, Rousse, Bulgaria 2025